Countries Invaded by France - Sudden Death! - Statistics

General Stats
  • This quiz has been taken 34 times
  • The average score is 7 of 20
Answers on the Grid
Answers color-coded by a green-red scale on the quiz's grid according to % correct below.
Afghanistan
Australia
Austria
Bangladesh
Belgium
Bulgaria
China
Denmark
Egypt
Germany
Greece
Italy
Japan
Malaysia
Mexico
Netherlands
Pakistan
Panama
Peru
Poland
Portugal
Russia
Saudi Arabua
Somalia
South Africa
Spain
Sudan
Sweden
Switzerland
Thailand
Turkey
United Kingdom
 
Answer Stats
Answer % Correct
Belgium
90%
Germany
81%
Italy
76%
Austria
67%
Netherlands
67%
Egypt
43%
Russia
43%
Denmark
38%
Spain
38%
Switzerland
33%
Greece
29%
United Kingdom
29%
Afghanistan
19%
Mexico
19%
Portugal
19%
Bulgaria
14%
China
14%
Sudan
10%
Thailand
10%
Turkey
0%
No matching quizzes found
Score Distribution
Percent of People with Each Score
Percentile by Number Answered
Your Score History
You have not taken this quiz